| 000 | 00567nam a22001577a 4500 | ||
|---|---|---|---|
| 003 | NUST | ||
| 082 | _a621 | ||
| 100 |
_aAli ,Haider _9100571 |
||
| 245 |
_aNumerical investigation of flow around fixed cylinder at Re=3900: Study of spanwise length optimization / _cHaider Ali |
||
| 264 |
_aIslamabad: _bSMME- NUST. _c2021. |
||
| 300 |
_a46p. ; _bSoft Copy, _c30cm. |
||
| 650 |
_aMS Mechanical Engineering _9119495 |
||
| 700 |
_aSupervisor : Dr. Niaz Bahadur Khan _9122293 |
||
| 856 | _uhttp://10.250.8.41:8080/xmlui/handle/123456789/25448 | ||
| 942 |
_2ddc _cTHE |
||
| 999 |
_c608861 _d608861 |
||